Clash Royale: Champions edition - Statistics

General Stats
  • This quiz has been taken 26 times
  • The average score is 8 of 8
Answer Stats
Hint Answer % Correct
Human Little prince
100%
Human Monk
100%
Skeleton Skeleton king
100%
Human Archer queen
96%
Human Golden knight
96%
Human Boss bandit
92%
Goblin Goblinstein
92%
Human Mighty miner
92%
No matching quizzes found
Score Distribution
Percent of People with Each Score
Percentile by Number Answered
Your Score History
You have not taken this quiz